[Event "Championnat de France - Open C"]
[Site "Chartres"]
[Date "2005.??.??"]
[Round "4.2"]
[White "Falais, Jean-Francois"]
[Black "Katzahian, Michel"]
[Result "1/2-1/2"]
[WhiteElo "1700"]
[BlackElo "1638"]
[PlyCount "67"]
[EventDate "2005.??.??"]

1. d4 d5 2. c4 c6 3. cxd5 cxd5 4. Nc3 e6 5. a3 Nc6 6. Nf3 Nf6 7. Bg5 Be7 8. e3
a6 9. Bd3 O-O 10. Qc2 h6 11. Bxf6 Bxf6 12. O-O e5 13. dxe5 Nxe5 14. Nxe5 Bxe5
15. Bf5 Be6 16. Bxe6 fxe6 17. Qb3 Rb8 18. e4 Bxc3 19. bxc3 Kh8 20. exd5 Qxd5
21. Qxd5 exd5 22. Rfd1 Rbd8 23. Rab1 Rf7 24. Rb4 Rc8 25. Rb3 Rd7 26. Kf1 Rc4
27. Rd3 b5 28. Re3 d4 29. Re8+ Kh7 30. cxd4 Rcxd4 31. Ke2 R4d6 32. Rbe3 Rd2+
33. Ke1 Rd1+ 34. Ke2 1/2-1/2

[Event "Championnat de France - Open C"]
[Site "Chartres"]
[Date "2005.??.??"]
[Round "4.3"]
[White "Saint-Paul, Guillaume"]
[Black "Hadjadj, Maurice"]
[Result "1/2-1/2"]
[WhiteElo "1620"]
[BlackElo "1700"]
[PlyCount "36"]
[EventDate "2005.??.??"]

1. d4 Nf6 2. e3 d5 3. Bd3 Bg4 4. Ne2 e6 5. c4 Bb4+ 6. Bd2 a5 7. a3 Be7 8. Nbc3
c6 9. O-O O-O 10. Qc2 dxc4 11. Bxc4 Nd5 12. e4 Nb6 13. Bd3 f5 14. f3 fxe4 15.
fxe4 N8d7 16. h3 Bh5 17. Nf4 Bf7 18. e5 g6 1/2-1/2

[Event "Championnat de France - Open C"]
[Site "Chartres"]
[Date "2005.??.??"]
[Round "4.5"]
[White "Mopin, Stephane"]
[Black "Miclon, Emmanuel"]
[Result "1-0"]
[WhiteElo "1700"]
[BlackElo "1530"]
[PlyCount "43"]
[EventDate "2005.??.??"]

1. e4 e5 2. Nf3 d6 3. d4 exd4 4. Nxd4 g6 5. h4 Bg7 6. h5 Nf6 7. h6 Bf8 8. Nc3
Qe7 9. Bg5 Bd7 10. f3 Qe5 11. f4 Qe7 12. Be2 Qd8 13. e5 Be7 14. exf6 Bxf6 15.
Bxf6 Qxf6 16. Nd5 Qd8 17. Qd2 c5 18. Qe3+ Kf8 19. Nf3 Bc6 20. O-O-O b5 21. Qc3
Rg8 22. Ng5 1-0

[Event "Championnat de France - Open C"]
[Site "Chartres"]
[Date "2005.??.??"]
[Round "4.8"]
[White "Amatucci, Bruno"]
[Black "Frederic, Christine"]
[Result "1-0"]
[WhiteElo "1650"]
[BlackElo "1540"]
[PlyCount "57"]
[EventDate "2005.??.??"]

1. c4 g6 2. d4 Bg7 3. Nf3 d6 4. e3 c5 5. Be2 Nf6 6. Nc3 O-O 7. h3 a6 8. e4 Qa5
9. Bd2 Qb6 10. Na4 Qa7 11. dxc5 Nxe4 12. Be3 dxc5 13. Qd5 Nf6 14. Qd3 b6 15.
Ne5 Qc7 16. Bf4 Nfd7 17. Nxg6 Qd8 18. Nxf8 Qxf8 19. h4 Bb7 20. h5 h6 21. Qg3
Kh7 22. O-O-O Bc6 23. Nc3 e5 24. Be3 f5 25. Qg6+ Kh8 26. Rd6 f4 27. Bd2 Nf6 28.
Re6 Nfd7 29. Re8 1-0

[Event "Championnat de France - Vétérans"]
[Site "Chartres"]
[Date "2005.08.20"]
[Round "4.1"]
[White "Goldenberg, Richard"]
[Black "Dubreuil, Remy"]
[Result "1-0"]
[WhiteElo "2305"]
[BlackElo "2023"]
[PlyCount "71"]
[EventDate "2005.??.??"]

1. d4 Nf6 2. Nf3 g6 3. c4 Bg7 4. Nc3 O-O 5. e4 d6 6. Be2 e5 7. O-O Nc6 8. d5
Ne7 9. b4 Ne8 10. a4 f5 11. c5 Kh8 12. Ng5 Nf6 13. f3 f4 14. Ba3 h6 15. cxd6
cxd6 16. Ne6 Bxe6 17. dxe6 d5 18. b5 Qb6+ 19. Kh1 Qxe6 20. exd5 Qd7 21. Qd3
Rfd8 22. Bxe7 Qxe7 23. Qxg6 Nxd5 24. Nxd5 Rxd5 25. Bd3 Rxd3 26. Qxd3 e4 27.
fxe4 Bxa1 28. Rxa1 Qe5 29. Re1 Re8 30. Qh3 Kg7 31. Qg4+ Kh7 32. h3 Re7 33. Qf3
b6 34. Rd1 Rf7 35. Kh2 Rg7 36. Rd5 1-0

[Event "Championnat de France - Vétérans"]
[Site "Chartres"]
[Date "2005.08.20"]
[Round "4.2"]
[White "Rosenfeld, Imre"]
[Black "Oger, Claude"]
[Result "1/2-1/2"]
[WhiteElo "2047"]
[BlackElo "2002"]
[PlyCount "151"]
[EventDate "2005.??.??"]

1. d4 Nf6 2. Nf3 g6 3. Bg5 Bg7 4. Nbd2 d5 5. e3 c5 6. c3 cxd4 7. exd4 Nc6 8.
Bd3 Qc7 9. O-O O-O 10. Re1 Nh5 11. Nf1 f6 12. Be3 e5 13. dxe5 fxe5 14. Be2 Nf6
15. Bg5 Be6 16. Bh4 h6 17. Ne3 Qf7 18. Bb5 Ne4 19. Rf1 g5 20. Bg3 Nxg3 21. hxg3
Rad8 22. Qa4 d4 23. cxd4 Nxd4 24. Bc4 Bxc4 25. Qxc4 Qxc4 26. Nxc4 Nxf3+ 27.
gxf3 Rxf3 28. Rfe1 Rd5 29. Rad1 Rxd1 30. Rxd1 Rf7 31. Rd8+ Kh7 32. Nd6 Rc7 33.
Nf5 Kg6 34. g4 e4 35. Rd6+ Kh7 36. b3 Rf7 37. Kg2 Bf8 38. Re6 h5 39. Ne3 hxg4
40. Rxe4 Kg6 41. Nxg4 Kf5 42. f3 Bg7 43. Ne3+ Kg6 44. Kg3 Rd7 45. Nc4 Kf5 46.
Re8 Kg6 47. Kg4 Rd4+ 48. Re4 b6 49. Rxd4 Bxd4 50. Nd6 a5 51. Nc4 Kf6 52. a4 Bg1
53. Nd6 Kg6 54. Ne4 Be3 55. Nc3 Bd4 56. Nd5 Bg1 57. f4 gxf4 58. Kxf4 Kf7 59.
Kf5 Bc5 60. Ke5 Ke8 61. Ke6 Kd8 62. Nc3 Kc7 63. Kd5 Kd7 64. Nb5 Bf2 65. Na3 Bg1
66. Nc4 Kc7 67. Ne5 Bf2 68. Kc4 Bg1 69. Kb5 Bf2 70. Nc4 Bg1 71. Nxa5 bxa5 72.
Kxa5 Bc5 73. Kb5 Ba3 74. a5 Kb7 75. Ka4 Bc5 76. b4 1/2-1/2

[Event "Championnat de France - Vétérans"]
[Site "Chartres"]
[Date "2005.08.20"]
[Round "4.3"]
[White "Leitner, Walter"]
[Black "Fayolle, Guy"]
[Result "1-0"]
[WhiteElo "2097"]
[BlackElo "1920"]
[PlyCount "97"]
[EventDate "2005.??.??"]

1. e4 e5 2. Nf3 Nc6 3. Bb5 a6 4. Bxc6 dxc6 5. O-O Qd6 6. d3 Be7 7. Be3 Nf6 8.
Nbd2 Be6 9. Ng5 Ng4 10. Nxe6 Qxe6 11. Qf3 O-O 12. Rfe1 Nxe3 13. Qxe3 f5 14.
exf5 Qxf5 15. Ne4 b6 16. Re2 Qe6 17. a3 c5 18. Rae1 Bd6 19. b3 Qg4 20. a4 Qf4
21. f3 Qxe3+ 22. Rxe3 h6 23. R3e2 Kh7 24. Nd2 b5 25. Ra1 Kg6 26. Re4 Kf5 27. h4
h5 28. g4+ hxg4 29. fxg4+ Ke6 30. Kg2 Rae8 31. Rf1 Rxf1 32. Kxf1 Rf8+ 33. Kg2
Rf4 34. axb5 axb5 35. c4 b4 36. Nf3 Rxe4 37. Ng5+ Kf6 38. Nxe4+ Ke6 39. Kf3 Be7
40. h5 Kf7 41. g5 Ke6 42. Kg4 Bf8 43. Ng3 Bd6 44. Nf5 Bf8 45. Nh4 Bd6 46. Ng6
c6 47. h6 gxh6 48. gxh6 e4 49. dxe4 1-0

[Event "Championnat de France - Vétérans"]
[Site "Chartres"]
[Date "2005.08.20"]
[Round "4.4"]
[White "Gibson, John"]
[Black "Guillaumat, Jean-Pierre"]
[Result "0-1"]
[WhiteElo "1950"]
[BlackElo "2034"]
[PlyCount "72"]
[EventDate "2005.??.??"]

1. Nf3 c5 2. c4 g6 3. g3 Bg7 4. Bg2 Nc6 5. Nc3 e6 6. O-O Nge7 7. Ne4 d6 8. d3
O-O 9. Rb1 f5 10. Nc3 h6 11. e4 Kh7 12. Re1 e5 13. Nd5 Nxd5 14. exd5 Ne7 15. b4
b6 16. bxc5 bxc5 17. Qd2 f4 18. Qe2 fxg3 19. hxg3 Nf5 20. Qe4 Qf6 21. Re2 Rf7
22. Reb2 Ne7 23. g4 Ng8 24. Be3 Ba6 25. Nh2 Raf8 26. Nf1 Qh4 27. Ng3 Nf6 28.
Nf5 gxf5 29. Qxf5+ Kg8 30. Rb8 Qxg4 31. Qe6 Qxe6 32. dxe6 Re7 33. Bh3 Bc8 34.
Kh2 Bxe6 35. Rxf8+ Kxf8 36. Rb8+ Kf7 0-1

[Event "Championnat de France - Vétérans"]
[Site "Chartres"]
[Date "2005.08.20"]
[Round "4.8"]
[White "Peyrin, Jean"]
[Black "Parpillon, Georges"]
[Result "1-0"]
[WhiteElo "2059"]
[BlackElo "1837"]
[PlyCount "47"]
[EventDate "2005.??.??"]

1. d4 d5 2. c4 Nf6 3. cxd5 Qxd5 4. Nc3 Qd8 5. e4 e6 6. Nf3 Be7 7. Bc4 c6 8. O-O
O-O 9. Qe2 b5 10. Bd3 Na6 11. Bf4 Nh5 12. Be3 f5 13. exf5 Nb4 14. Bb1 exf5 15.
Ne5 Nf6 16. a3 Nbd5 17. Nxc6 Nxc3 18. bxc3 Qc7 19. Nxe7+ Qxe7 20. Qxb5 Ng4 21.
Ba2+ Kh8 22. Qb4 Qf6 23. Bg5 a5 24. Qc5 1-0

[Event "Championnat de France - Open A"]
[Site "Chartres"]
[Date "2005.08.19"]
[Round "4.15"]
[White "Humeau, Cyril"]
[Black "Garbarino, Xavier"]
[Result "1/2-1/2"]
[WhiteElo "2059"]
[BlackElo "2191"]
[PlyCount "75"]
[EventDate "2005.??.??"]

1. e4 Nc6 2. Nc3 e6 3. d4 Bb4 4. a3 Bxc3+ 5. bxc3 d6 6. Bd3 Nge7 7. f4 d5 8. e5
Nf5 9. Nf3 h5 10. O-O Na5 11. Qe2 b6 12. Be3 Nc4 13. Bf2 h4 14. Ng5 Qe7 15.
Bxc4 dxc4 16. Qxc4 Bb7 17. Qa4+ Kf8 18. Qb4 a5 19. Qxe7+ Kxe7 20. Rfe1 Bd5 21.
Rab1 Rab8 22. Ne4 Rh6 23. h3 Rg6 24. Kh2 f6 25. Rbd1 Rf8 26. Rd3 b5 27. Rd2 Rb8
28. Rdd1 a4 29. Rb1 c6 30. Re2 Bc4 31. Rd2 Bd5 32. Re1 Rf8 33. Rdd1 Rd8 34. Rb1
Ba2 35. Rb2 Bd5 36. Rbb1 Ba2 37. Rbd1 Bd5 38. Rb1 1/2-1/2

[Event "Championnat de France - Open A"]
[Site "Chartres"]
[Date "2005.??.??"]
[Round "1.75"]
[White "Razat, Romain"]
[Black "Humeau, Cyril"]
[Result "0-1"]
[WhiteElo "1962"]
[BlackElo "2059"]
[PlyCount "58"]
[EventDate "2005.??.??"]

1. e4 Nf6 2. e5 Nd5 3. d4 d6 4. Nf3 dxe5 5. Nxe5 Nd7 6. Nxf7 Kxf7 7. Qh5+ Ke6
8. g3 b5 9. Nc3 N7f6 10. Bh3+ Kd6 11. Qe5+ Kc6 12. Bg2 e6 13. Qe2 a6 14. a4 Rb8
15. axb5+ axb5 16. Bd2 Bb4 17. O-O Qe7 18. Rfe1 Re8 19. Rad1 Bd7 20. Ra1 Kb7
21. f4 Qf8 22. Ne4 Nxe4 23. Bxe4 Bxd2 24. Qxd2 g6 25. b3 b4 26. c4 bxc3 27.
Qxc3 Qd6 28. Rec1 Bc6 29. Qc4 Ra8 0-1

[Event "Championnat de France - Open A"]
[Site "Chartres"]
[Date "2005.08.??"]
[Round "3.59"]
[White "Schlienger, Jean-Philippe"]
[Black "Humeau, Cyril"]
[Result "0-1"]
[WhiteElo "1950"]
[BlackElo "2059"]
[PlyCount "56"]
[EventDate "2005.??.??"]

1. f4 e5 2. e4 exf4 3. Bc4 d5 4. exd5 Qh4+ 5. Kf1 f3 6. d4 fxg2+ 7. Kxg2 Bd6 8.
Nc3 Bg4 9. Be2 h5 10. Nb5 Ne7 11. Nxd6+ cxd6 12. c4 Bxe2 13. Nxe2 Qe4+ 14. Kf2
Nd7 15. Re1 Qf5+ 16. Kg2 Qg6+ 17. Kf2 O-O-O 18. Qa4 Qf5+ 19. Kg2 h4 20. Bf4 h3+
21. Kg1 Qe4 22. Kf2 Nf5 23. Rg1 Nxd4 24. Nxd4 Qxf4+ 25. Nf3 Ne5 26. Rg3 Nxf3
27. Rxf3 Qxh2+ 28. Ke3 Rhe8+ 0-1

[Event "Championnat de France - Accession"]
[Site "Chartres"]
[Date "2005.08.20"]
[Round "5.1"]
[White "Chernuschevich, Alexei"]
[Black "Dourerassou, Jonathan"]
[Result "1-0"]
[WhiteElo "2530"]
[BlackElo "2358"]
[PlyCount "89"]
[EventDate "2005.??.??"]

1. d4 Nf6 2. c4 g6 3. Nc3 d5 4. cxd5 Nxd5 5. Bd2 Bg7 6. e4 Nb6 7. Be3 O-O 8. f4
f5 9. Qb3+ e6 10. e5 Nd5 11. Nxd5 Qxd5 12. Qxd5 exd5 13. Rc1 Rf7 14. g3 b6 15.
Bg2 Bb7 16. Ne2 Na6 17. a3 Bf8 18. b4 c6 19. Kf2 Nc7 20. Rb1 Ne6 21. a4 Rd7 22.
h3 Rc8 23. Rhc1 Rcd8 24. Ke1 Rc7 25. g4 Rf7 26. Bf3 Bh6 27. gxf5 gxf5 28. Kf2
Rc7 29. h4 Bc8 30. Bg2 c5 31. Kf3 cxb4 32. Rxc7 Nxc7 33. Rxb4 Ba6 34. Ng3 Bd3
35. Bh3 Be4+ 36. Ke2 Rf8 37. Rb3 Ne6 38. Nh5 Kf7 39. Rc3 Kg6 40. Nf6 Bxf4 41.
Nxe4 Bxe3 42. Kxe3 f4+ 43. Kf2 Nxd4 44. Nf6 Rf7 45. Nxd5 1-0

[Event "Championnat de France - Accession"]
[Site "Chartres"]
[Date "2005.08.20"]
[Round "5.2"]
[White "Giffard, Nicolas"]
[Black "Prie, Eric"]
[Result "1/2-1/2"]
[WhiteElo "2330"]
[BlackElo "2464"]
[PlyCount "41"]
[EventDate "2005.??.??"]

1. d4 d5 2. c4 c6 3. Nf3 Nf6 4. e3 Bg4 5. Nbd2 Nbd7 6. cxd5 cxd5 7. Qb3 Qb6 8.
Bd3 Qxb3 9. Nxb3 e6 10. Bd2 Ne4 11. Bxe4 dxe4 12. Ne5 Nxe5 13. dxe5 O-O-O 14.
Bc3 b6 15. Nd2 Bf5 16. O-O Kb7 17. a4 a5 18. Bd4 Bc5 19. Bxc5 Rxd2 20. Bd4 Rc8
21. h3 1/2-1/2

[Event "Championnat de France - Accession"]
[Site "Chartres"]
[Date "2005.08.20"]
[Round "5.3"]
[White "Onkoud, Abdelaziz"]
[Black "Libiszewski, Fabien"]
[Result "0-1"]
[WhiteElo "2361"]
[BlackElo "2413"]
[PlyCount "112"]
[EventDate "2005.??.??"]

1. d4 d5 2. e3 Nf6 3. c3 g6 4. Bd3 Bg7 5. h4 Nbd7 6. Nf3 c5 7. Nbd2 Qc7 8. Qe2
O-O 9. b3 e5 10. Nxe5 Nxe5 11. dxe5 Qxe5 12. Bb2 Bg4 13. f3 Rfe8 14. O-O-O Qxe3
15. Qxe3 Rxe3 16. Nf1 Rxd3 17. Rxd3 Bh6+ 18. Rd2 Be6 19. Kd1 Bxd2 20. Kxd2 Rd8
21. Ng3 Ne8 22. Ke3 Nd6 23. h5 Re8 24. hxg6 fxg6 25. Kf2 Bf7 26. Rd1 g5 27. Nf1
Nf5 28. Bc1 h6 29. Ne3 Nxe3 30. Bxe3 Rc8 31. Rd2 a5 32. a3 Be6 33. Rb2 Kf7 34.
Ke2 b5 35. Kd2 Bf5 36. Ra2 Ke6 37. b4 d4 38. cxd4 cxb4 39. axb4 a4 40. g4 Bh7
41. d5+ Kxd5 42. Bc5 Kc4 43. Ra3 Rd8+ 44. Kc1 Rd3 45. Rxd3 Kxd3 46. Bf8 Ke3 47.
Bxh6 Kf4 48. Kd2 Bg8 49. Bf8 Kxf3 50. Be7 Kxg4 51. Ke3 a3 52. Bf6 Kf5 53. Bc3
g4 54. Bd2 Bd5 55. Bc1 a2 56. Bb2 g3 0-1

[Event "Championnat de France - Accession"]
[Site "Chartres"]
[Date "2005.08.20"]
[Round "5.4"]
[White "Feller, Sebastien"]
[Black "Gozzoli, Yannick"]
[Result "0-1"]
[WhiteElo "2282"]
[BlackElo "2444"]
[PlyCount "68"]
[EventDate "2005.??.??"]

1. c4 e6 2. g3 d5 3. Bg2 Nf6 4. Nf3 Be7 5. d4 O-O 6. O-O c5 7. cxd5 exd5 8. Nc3
Nc6 9. dxc5 Bxc5 10. a3 a6 11. b4 Ba7 12. Bg5 d4 13. Ne4 Qe7 14. Nxf6+ gxf6 15.
Bf4 Re8 16. Re1 Bf5 {=} 17. Nh4 Be4 18. Bxe4 Qxe4 19. Qd2 {=} 19... Ne7 20. f3
Qe6 21. Qd3 Ng6 22. Nxg6 hxg6 23. Rac1 Kg7 24. g4 g5 25. Bg3 Rac8 26. Kf1 b5
27. Bc7 Qd7 28. Bg3 Qe6 29. Rc2 Rc4 30. Rec1 Rec8 31. Rxc4 bxc4 32. Qf5 Qe3 33.
Re1 d3 34. Kg2 d2 0-1

[Event "Championnat de France - Accession"]
[Site "Chartres"]
[Date "2005.08.20"]
[Round "5.5"]
[White "Manouck, Thierry"]
[Black "Philippe, Christophe"]
[Result "1-0"]
[WhiteElo "2273"]
[BlackElo "2411"]
[PlyCount "81"]
[EventDate "2005.??.??"]

1. c4 f5 2. Nf3 Nf6 3. g3 g6 4. Bg2 Bg7 5. Nc3 O-O 6. O-O d6 7. d4 Qe8 8. d5 a5
9. Ne1 h6 10. Nd3 g5 11. f4 Qg6 12. Kh1 Na6 13. Be3 Bd7 14. Qd2 Ng4 15. Bg1
Rae8 16. Rae1 e5 17. dxe6 Bc6 18. Nd5 Rxe6 19. Qxa5 Qh5 20. Qd2 Kh8 21. e4 fxe4
22. Rxe4 Bxd5 23. cxd5 Rxe4 24. Bxe4 Nf6 25. Bg2 g4 26. f5 Nd7 27. Nf4 Qxf5 28.
Ne6 Qxf1 29. Bxf1 Rxf1 30. Nxg7 Kxg7 31. Qe2 Rxg1+ 32. Kxg1 Ne5 33. Qb5 Nc5 34.
b4 Ne4 35. Qxb7 Nf3+ 36. Kh1 Kf6 37. Qxc7 Ke5 38. b5 Kd4 39. b6 Ke3 40. b7 Ke2
41. Qe7 1-0

[Event "Championnat de France - Accession"]
[Site "Chartres"]
[Date "2005.08.20"]
[Round "5.6"]
[White "Edouard, Romain"]
[Black "Bleunven, Andre"]
[Result "1/2-1/2"]
[WhiteElo "2334"]
[BlackElo "2247"]
[PlyCount "103"]
[EventDate "2005.??.??"]

1. e4 c5 2. Nf3 e6 3. d4 cxd4 4. Nxd4 a6 5. Bd3 Bc5 6. Nb3 Ba7 7. Qg4 Nf6 8.
Qg3 d6 9. Nc3 Nc6 10. Bg5 Ne5 11. O-O-O h6 12. Be3 Nh5 13. Qh3 Bxe3+ 14. Qxe3
Qg5 15. Qxg5 hxg5 16. h4 g4 17. g3 Ke7 18. a4 b6 19. Nd4 Bb7 20. Rhe1 Rag8 21.
Na2 Nf6 22. Nb4 Ra8 23. b3 Rh5 24. Na2 g5 25. hxg5 Rxg5 26. Nc3 Rc8 27. Kb2 Rh8
28. Kc1 Rh2 29. Rd2 Rgh5 30. Ree2 Rh1+ 31. Rd1 R1h2 32. Rdd2 Ned7 33. Rd1 Rg2
34. Rde1 Ne5 35. Nd1 Rhh2 36. Rf1 Rh5 37. Rfe1 Rgh2 38. Kd2 Nf3+ 39. Nxf3 gxf3
40. Re3 d5 41. e5 Ne4+ 42. Bxe4 dxe4 43. Rc3 Kd7 44. a5 b5 45. Rc5 f6 46. Ke3
fxe5 47. Nc3 Rh1 48. Rxh1 Rxh1 49. Rxe5 Kd6 50. Rg5 Re1+ 51. Kd2 Rf1 52. Ke3
1/2-1/2

[Event "Championnat de France - Accession"]
[Site "Chartres"]
[Date "2005.08.20"]
[Round "5.7"]
[White "Flament, Francois"]
[Black "Housieaux, David"]
[Result "0-1"]
[WhiteElo "2183"]
[BlackElo "2329"]
[PlyCount "86"]
[EventDate "2005.??.??"]

1. d4 d5 2. Nf3 Nc6 3. c4 Bg4 4. Nc3 e6 5. cxd5 exd5 6. Bf4 Bxf3 7. gxf3 Bd6 8.
Bg3 Nge7 9. e3 h5 10. Qc2 h4 11. Bxd6 Qxd6 12. Bh3 a6 13. O-O-O Rh6 14. Kb1 Kf8
15. e4 dxe4 16. Qxe4 Rd8 17. f4 Nd5 18. Nxd5 Qxd5 19. Qxd5 Rxd5 20. Bg2 Rd7 21.
d5 Ne7 22. Rhe1 Rhd6 23. Re5 c6 24. Rh5 Nxd5 25. Bxd5 Rxd5 26. Rdxd5 Rxd5 27.
Rxh4 Ke7 28. Kc2 Kf6 29. Kc3 g6 30. f3 Kf5 31. Rg4 Rd1 32. Rh4 Rf1 33. Rh3 Kxf4
34. Rh7 Rxf3+ 35. Kc4 Ke5 36. Kc5 Ke6 37. Kb6 Rf2 38. b4 Rxa2 39. Kxb7 Rb2 40.
Kxc6 Rxb4 41. Rh3 a5 42. Ra3 a4 43. Kc5 Re4 0-1

[Event "Championnat de France - Accession"]
[Site "Chartres"]
[Date "2005.08.20"]
[Round "5.8"]
[White "Govciyan, Pavel"]
[Black "Robin, Samy"]
[Result "1/2-1/2"]
[WhiteElo "2328"]
[BlackElo "2231"]
[PlyCount "59"]
[EventDate "2005.??.??"]

1. d4 Nf6 2. Nc3 d5 3. Bg5 Bf5 4. f3 Nbd7 5. Nxd5 Nxd5 6. e4 h6 7. Bh4 Ne3 8.
Qd3 Nxf1 9. exf5 Nc5 10. Qb5+ c6 11. Qxc5 Ne3 12. Ke2 Nxg2 13. Bg3 e6 14. Qe5
Be7 15. Kf1 Bf6 16. Qe4 Nh4 17. fxe6 O-O 18. Re1 fxe6 19. Qxe6+ Kh8 20. Qg4 Bg5
21. Bxh4 Bxh4 22. Re4 Bf6 23. Ne2 Qd5 24. b3 Rae8 25. Nf4 Qxe4 26. fxe4 Bg5 27.
Kg2 Rxf4 28. Qh5 Rexe4 29. Rf1 Rh4 30. Qf3 1/2-1/2

[Event "Championnat de France - Accession"]
[Site "Chartres"]
[Date "2005.08.20"]
[Round "5.9"]
[White "Ravot, Sylvain"]
[Black "Chomet, Pascal"]
[Result "1/2-1/2"]
[WhiteElo "2265"]
[BlackElo "2317"]
[PlyCount "50"]
[EventDate "2005.??.??"]

1. e4 e5 2. Nf3 Nc6 3. Bc4 Be7 4. d4 d6 5. dxe5 dxe5 6. Qxd8+ Bxd8 7. Be3 Nf6
8. Nbd2 Ng4 9. Bc5 Be7 10. Bxe7 Kxe7 11. h3 Nf6 12. Bb5 Nd4 13. Nxd4 exd4 14.
e5 Nd7 15. Bxd7 Bxd7 16. O-O-O c5 17. Ne4 b6 18. Rhe1 Be6 19. Ng5 Bd5 20. g3
Rad8 21. a3 h5 22. f4 f6 23. exf6+ Kxf6 24. Re5 Rhe8 25. Rde1 Rxe5 1/2-1/2

[Event "Championnat de France - Accession"]
[Site "Chartres"]
[Date "2005.08.20"]
[Round "5.10"]
[White "Le Roux, Jean-Pierre"]
[Black "Bedouin, Xavier"]
[Result "0-1"]
[WhiteElo "2468"]
[BlackElo "2274"]
[PlyCount "74"]
[EventDate "2005.??.??"]

1. d4 d5 2. c4 e6 3. Nc3 Be7 4. Bf4 Nf6 5. e3 O-O 6. Nf3 Nbd7 7. Rc1 c5 8. cxd5
Nxd5 9. Nxd5 exd5 10. a3 c4 11. Be2 Nf6 12. O-O Bf5 13. Ne5 h6 14. f3 Rc8 15.
Kh1 b5 {=} 16. g4 Bh7 17. g5 hxg5 18. Bxg5 Nd7 19. Bf4 Nxe5 20. dxe5 Bc5 21. b4
Bb6 22. Qe1 d4 23. exd4 Qxd4 24. Qg3 Rc6 25. Rcd1 Qb2 26. Qg2 Qxa3 27. Bg5 Rg6
28. f4 f6 29. e6 Qxb4 30. Rd7 Bc5 31. Bh5 fxg5 32. f5 Rgf6 33. Qxg5 Be7 34. Rg1
g6 35. Qh6 c3 36. Rxe7 Qxe7 37. Bxg6 Qb7+ 0-1

[Event "Championnat de France - Accession"]
[Site "Chartres"]
[Date "2005.08.20"]
[Round "5.11"]
[White "Van Elst, Andreas"]
[Black "Lepelletier, Benoit"]
[Result "1/2-1/2"]
[WhiteElo "2263"]
[BlackElo "2459"]
[PlyCount "50"]
[EventDate "2005.??.??"]

1. d4 Nf6 2. c4 e6 3. Nc3 Bb4 4. a3 Bxc3+ 5. bxc3 c5 6. e3 d6 7. Bd3 Nc6 8. Ne2
b6 9. O-O O-O 10. e4 e5 11. d5 Na5 12. Ng3 Ne8 13. Ra2 Ba6 14. Qe2 Qd7 15. a4
f6 16. f4 g6 17. h4 exf4 18. Bxf4 Ng7 19. Bh6 Rae8 20. Rf4 Rf7 21. Qf1 Ref8 22.
Raf2 Qe7 23. h5 Bc8 24. hxg6 hxg6 25. R4f3 Qe5 1/2-1/2

[Event "Championnat de France - Accession"]
[Site "Chartres"]
[Date "2005.08.20"]
[Round "5.12"]
[White "Gharamian, Tigran"]
[Black "Fargere, Francois"]
[Result "1-0"]
[WhiteElo "2412"]
[BlackElo "2270"]
[PlyCount "101"]
[EventDate "2005.??.??"]

1. e4 c5 2. Nf3 d6 3. Bb5+ Bd7 4. Bxd7+ Qxd7 5. c4 Nf6 6. Nc3 Nc6 7. d4 cxd4 8.
Nxd4 g6 9. f3 Bg7 10. Nde2 O-O 11. O-O Rfc8 12. Kh1 Qd8 13. b3 Nd7 14. Be3 Qa5
15. Qd2 a6 16. a4 Nc5 17. Rab1 Qd8 18. Rfd1 Nb4 19. Nd4 a5 20. Ndb5 Qf8 21. Nd5
Nxd5 22. exd5 Qd8 23. Bd4 Bxd4 24. Qxd4 Ra6 25. Rd2 Qd7 26. Qc3 Qf5 27. Re1 Nd7
28. Rde2 Ne5 29. Re4 g5 30. Qe3 Qf6 31. Rf1 Ng6 32. g3 h5 33. f4 g4 34. Qd4
Qxd4 35. Nxd4 Kg7 36. Kg2 Kf6 37. h3 Raa8 38. h4 Ra6 39. Rfe1 Rb6 40. Kf2 Rb4
41. R1e3 Rc7 42. Ke1 Kg7 43. Kd2 Kf6 44. Kc3 e5 45. Nb5 Re7 46. Nxd6 exf4 47.
Rxe7 Nxe7 48. Ne8+ Kf5 49. Rxe7 fxg3 50. d6 g2 51. Re1 1-0

[Event "Championnat de France - Accession"]
[Site "Chartres"]
[Date "2005.08.20"]
[Round "5.13"]
[White "Olivier, Jean-Christophe"]
[Black "Vernay, Clovis"]
[Result "1/2-1/2"]
[WhiteElo "2373"]
[BlackElo "2238"]
[PlyCount "202"]
[EventDate "2005.??.??"]

1. e4 c5 2. Nf3 d6 3. d4 cxd4 4. Nxd4 Nf6 5. Nc3 a6 6. g3 e5 7. Nb3 Bg4 8. Qd3
Nbd7 9. Bg2 Rc8 10. O-O Be7 11. f4 Be6 12. Nd5 Bxd5 13. exd5 Ng4 14. Bf3 h5 15.
h3 Ngf6 16. f5 Qc7 17. c3 h4 18. g4 Nh7 19. Be3 Bg5 20. Bf2 Bf4 21. Bg2 Nhf6
22. Rfe1 Kf8 23. Re2 Kg8 24. Rae1 b5 25. Rd1 Nb6 26. Na5 Nbxd5 27. Nb3 Nb6 28.
Qxd6 Qxd6 29. Rxd6 Nc4 30. Rxa6 Rd8 31. Ra8 Kh7 32. Rxd8 Rxd8 33. Bc6 Rd1+ 34.
Re1 Rd6 35. Bxb5 Nxb2 36. Bxh4 Nd5 37. Re2 Nxc3 38. Rxb2 Nxb5 39. Bf2 e4 40.
Kg2 Nc3 41. Bd4 Nb5 42. Bf2 Nc3 {=} 43. Rc2 Be5 44. Bg3 Bxg3 45. Rxc3 Bf4 46.
Rc4 Rd3 47. Rxe4 Bb8 48. h4 Rg3+ 49. Kf2 Rh3 50. g5 Rh2+ 51. Kf3 Rxa2 52. Nc5
Bd6 53. Nd3 Rh2 54. Rd4 Bb8 55. Rd8 Rh3+ 56. Kg2 Rh2+ 57. Kf3 Rh3+ 58. Kg2 Rh2+
59. Kg1 Bg3 60. Rd7 Rxh4 61. Rxf7 Rg4 62. g6+ Kh6 63. Kg2 Be5+ 64. Kf3 Rg3+ 65.
Ke4 Bf6 66. Nc5 Rg4+ 67. Kd5 Kg5 68. Ke6 Bd4 69. Nd7 Rg1 70. Nf8 Re1+ 71. Kd5
Bf6 72. Nh7+ Kxf5 73. Nxf6 Kxg6 74. Rxg7+ Kxg7 75. Ne4 Kf7 76. Ke5 Kg6 77. Kf4
Ra1 78. Ke5 Ra5+ 79. Ke6 Ra8 80. Ke5 Rf8 81. Nd6 Ra8 82. Ne4 {=} 82... Re8+ 83.
Kd5 Re7 84. Nd6 Kf6 85. Ne4+ Kf5 86. Nd6+ Kf4 87. Nc4 Re4 88. Kc5 Re1 89. Kd5
Rd1+ 90. Kc5 Ke4 91. Nd6+ Ke5 92. Nc4+ Ke6 93. Kc6 Rd5 94. Nb6 Rh5 95. Nc4 Rg5
96. Nb6 Ke5 97. Kc5 Ke4+ 98. Kc4 Rg1 99. Kc5 Rc1+ 100. Kd6 Kd4 101. Nd7 Re1 {=}
1/2-1/2

[Event "Championnat de France - Accession"]
[Site "Chartres"]
[Date "2005.08.20"]
[Round "5.14"]
[White "Delorme, Alban"]
[Black "Picard, Romain"]
[Result "1-0"]
[WhiteElo "2254"]
[BlackElo "2369"]
[PlyCount "47"]
[EventDate "2005.??.??"]

1. e4 e6 2. d4 d5 3. Nc3 Nf6 4. Bg5 Be7 5. e5 Nfd7 6. h4 O-O 7. Qg4 f5 8. Qg3
c5 9. Nge2 Nc6 10. Nf4 Nxd4 11. O-O-O Nb6 12. Rxd4 cxd4 13. Nb5 Na4 14. Nh5 Rf7
15. Bh6 g6 16. Nf4 Kh8 17. h5 gxh5 18. Nd6 Qg8 19. Nxf7+ Qxf7 20. Rxh5 Bd7 21.
Qh2 Rg8 22. Be2 Nc5 23. Rh3 Ne4 24. Bh5 1-0

[Event "Championnat de France - Accession"]
[Site "Chartres"]
[Date "2005.08.20"]
[Round "5.15"]
[White "Colin, Vincent"]
[Black "Bardel, Stephan"]
[Result "1-0"]
[WhiteElo "2368"]
[BlackElo "2251"]
[PlyCount "155"]
[EventDate "2005.??.??"]

1. c4 c5 2. Nf3 Nc6 3. d4 cxd4 4. Nxd4 Nf6 5. Nc3 e6 6. g3 Qb6 7. Nb3 Ne5 8. e4
Qc6 9. Qe2 Bb4 10. Bd2 d6 11. f4 Ned7 12. Bg2 e5 13. Nb5 Bxd2+ 14. Qxd2 O-O 15.
Na5 Qb6 16. b4 d5 17. exd5 exf4 18. O-O-O Ne5 19. Qxf4 Nxc4 20. Qxc4 Bd7 21.
Nd4 Rfc8 22. Nac6 bxc6 23. dxc6 Rab8 24. a3 Be6 25. Nxe6 Qe3+ 26. Kb2 Qf2+ 27.
Kb3 fxe6 28. c7 Qxg2 29. cxb8=Q Rxb8 30. Qxe6+ Kh8 31. Rhe1 a5 32. Qe2 Qc6 33.
Qe7 Qf3+ 34. Qe3 Qc6 35. Qc3 Qb7 36. Rd4 Rc8 37. Qd3 Qf7+ 38. Kb2 Qc7 39. Rd1
axb4 40. axb4 Qe5 41. Qa6 Rd8 42. Qb6 Rc8 43. Qa5 Qe3 44. Rd8+ Rxd8 45. Qxd8+
Ng8 46. Rd2 h6 47. Qd4 Qg5 48. Rc2 Qf5 49. Rc7 Nf6 50. Qc5 Nd5 51. Rc8+ Kh7 52.
Qc2 Qxc2+ 53. Kxc2 Nxb4+ 54. Kc3 Nd5+ 55. Kd4 Nf6 56. Ke5 Kg6 57. Kf4 Nd5+ 58.
Kf3 Nf6 59. Ra8 Nd5 60. Ra6+ Nf6 61. Kf4 Kh7 62. Kf5 Ng8 63. Re6 g6+ 64. Ke5 h5
65. h3 Kg7 66. Re8 Kf7 67. Ra8 Kg7 68. Ra7+ Kh6 69. h4 g5 70. Ra6+ Kg7 71. hxg5
Kf7 72. Re6 Kg7 73. Re8 Kf7 74. Rxg8 Kxg8 75. Kf6 Kh7 76. Kf7 Kh8 77. g6 h4 78.
g7+ 1-0